000 00631nam a2200205Ia 4500
003 IN-BaIIA
008 211028s9999 xx 000 0 eng d
040 _cIIA Library
080 _a519.2
_bNEY-3
245 0 _aContributions to astronomy and physics
_bvol. 3
_cedited by Jerzy Neyman
260 _aBerkeley
_bUniversity of California Press
_c1956
300 _aviii, 252p.
650 _aAstronomy
_980
650 _aMathematical Statistics
_91674
650 _aNASA Thesaurus
650 _aProbability
_93440
650 _aStatistics
700 _aNeyman, Jerzy., ed.
_93441
942 _cBK
999 _c1765
_d1765